00529nam a2200169Ia 4500020001800000082001800018100002500036245009000061260004500151300001200196504003600208650002400244650002400268650001500292650001700307650003500324 a0-19-568014-6 a340.534 WTL-P aWilliams, Rina Verma 0aPostcolonial politics and personal laws: colonial legal legacies and the Indian state aNew DelhibOxford University Pressc2006 avi, 214 aincludes bibliography and index aLawvHistoryzIndia aLaw, AncientzIndia aLaw, Hindu aLaw, Islamic aIndiavPolitics and government